000 00548nam a22002177a 4500
003 BUBTL
008 160904b xxu||||| |||| 00| 0 eng d
020 _a0-12-597132-X
082 _a519ROI
100 _9848
_aRoss,Sheldon M.
245 _aIntroductory Statistics
250 _a2nd
260 _aUSA
_bAcademic Press
_cc2005
300 _a[xvii],809p.
_bills.
_c24cm.
650 0 _9171
_aStatistics
700 _9849
_aRoss,Sheldon M.
760 _b2nd
856 _k0
_l0
_yDownload
942 _2ddc
_cBK
999 _c5353
_d5353